Kỹ thuật nuôi tôm sú công nghiệp

Na minha lista:
Detalhes bibliográficos
Autor principal: Nguyễn, Văn Hảo
Formato: Livro
Idioma:Undetermined
Publicado em: Hà Nội Nông Nghiệp 2005
Assuntos:
Tags: Adicionar Tag
Sem tags, seja o primeiro a adicionar uma tag!
Thư viện lưu trữ: Trung tâm Học liệu Trường Đại học Cần Thơ
LEADER 00525nam a2200193Ia 4500
001 CTU_74506
008 210402s9999 xx 000 0 und d
020 |c 20000 
082 |a 639.6 
082 |b H108 
100 |a Nguyễn, Văn Hảo 
245 0 |a Kỹ thuật nuôi tôm sú công nghiệp 
245 0 |c Nguyễn Văn Hảo 
260 |a Hà Nội 
260 |b Nông Nghiệp 
260 |c 2005 
650 |a Shrimps 
904 |i Năm 
980 |a Trung tâm Học liệu Trường Đại học Cần Thơ